| 000 | 00821 a2200241 4500 | ||
|---|---|---|---|
| 003 | CBULib | ||
| 005 | 20240118071939.0 | ||
| 008 | 240117b |||||||| |||| 00| 0 eng d | ||
| 040 |
_bEnglish _cCBULib _erda |
||
| 041 | _aeng | ||
| 050 | _aCBU-PG THESIS/CHO | ||
| 100 |
_aChola, Davies _91736 |
||
| 245 |
_aThe impact of using computer simulations on the performance of grade 11 learners in preparation of soluble salts _c/ by Davies Chola |
||
| 260 |
_bCopperbelt University, _c2021 _aKitwe : |
||
| 300 | _aiv, 59 pages : illustrations | ||
| 336 |
_2rdacontent _aText | _btxt |
||
| 337 |
_2rdamedia _aUnmediated | _bn |
||
| 338 |
_2rdacarrier _aVolume _bnc |
||
| 500 | _aIncludes bibliographical references and appendices | ||
| 650 | 0 |
_aCOMPUTER SIMULATIONS _91737 |
|
| 650 | 0 |
_91738 _aPERFORMANCE |
|
| 942 |
_2lcc _c030 |
||
| 999 |
_c84034 _d84034 |
||